Chanteurs par lettre. S - Statistiques

Statistiques générales
  • Ce quiz a été pris 445 fois
  • Le résultat moyen est 10 sur 15
Statistiques - réponses
Chansons Chanteurs % Correct
Papaoutai / Alors on danse Stromae
99%
Waka Waka / Whenever Shakira
94%
Les lacs du Connemara / Je vole Michel Sardou
91%
Les sardines / Tourner les serviettes Patrick Sébastien
90%
Chandelier / Unstoppable Sia
89%
Roule / Cosmo Soprano
82%
La ballade de Jim / Foule sentimentale Alain Souchon
71%
Still loving you / Wind of change Scorpion
64%
Roxanne / Every Breath you take Sting
59%
Je sais / Et alors Shy'm
58%
Seras-tu là / Chanson sur ma drôle de vie Véronique Sanson
56%
Mon amour / Des milliers de je t'aime Slimane
53%
Je la connais / Autobahn SCH
51%
Fire on fire / Stay with me Sam Smith
43%
Une chanson douce / Le lion est mort ce soir Henri Salvador
38%
Aucun quiz correspondant
Distribution des résultats
% des personnes avec chaque résultat
Percentile par nombre de réponses
Votre historique - résultats
Vous n’avez pas pris ce quiz